Languages of the world. - Statistics

General Stats
  • This quiz has been taken 57 times
  • The average score is 119 of 196
Answers on the Map
Answers color-coded by a green-red scale on the quiz's map according to % correct below.
 
Answer Stats
Country % Correct
English
100%
French
98%
Spanish
98%
Chinese
96%
Portuguese
96%
Russian
96%
German
94%
Arabic
91%
Italian
91%
Swedish
91%
Turkish
91%
Greek
89%
Hindi
89%
Croatian
87%
Japanese
87%
Korean
87%
Norwegian
87%
Polish
87%
Ukrainian
87%
Dutch
85%
Mongolian
85%
Danish
83%
Finnish
83%
Icelandic
83%
Bulgarian
81%
Czech
81%
Estonian
81%
Persian
81%
Romanian
81%
Serbian
81%
Slovak
81%
Latvian
79%
Lithuanian
79%
Slovene
79%
Vietnamese
79%
Hungarian
77%
Kazakh
77%
Nepali
77%
Thai
77%
Khmer
74%
Albanian
72%
Lao
72%
Bengali
70%
Bosnian
70%
Indonesian
70%
Macedonian
68%
Tagalog
68%
Georgian
64%
Armenian
62%
Dzongkha
62%
Turkmen
62%
Tajik
60%
Uzbek
60%
Azerbaijani
57%
Urdu
57%
Maltese
55%
Montenegrin
55%
Somali
55%
Burmese
53%
Hebrew
53%
Kyrgyz
53%
Swahili
53%
Creole
36%
Haitian Creole
36%
Samoan
34%
Amharic
32%
Sinhala
30%
Tongan
28%
Dari
26%
Fijian
26%
Malagasy
26%
Catalan
23%
Palauan
23%
Tigrinya
23%
Hausa
21%
Nauruan
21%
Sesotho
21%
Tok Pisin
19%
Wolof
19%
Kinyarwanda
17%
Marshallese
17%
Seychellois Creole
17%
Shona
17%
Comorian
15%
Egyptian Arabic
15%
Gilbertese
15%
Kirundi
15%
Sango
15%
Yemeni Arabic
15%
Bislama
13%
Dhivehi
13%
Lebanese Arabic
13%
Tetum
13%
Bambara
11%
Kuwaiti Arabic
11%
Moore
9%
Portugese
9%
Chadian arabic
6%
Pidgin
6%
Chuukese
4%
Dinka
4%
Guinea-Bissau Creole
4%
Guyanese Creole
4%
Mesopotamian Arabic
4%
Alemannic
2%
Bahasa Malaysia
2%
Bemba
2%
Cape Verdean Creole
2%
Chichewa
2%
isiZulu
2%
Jamaica Patois
2%
Luganda
2%
Mandinka
2%
Setswana
2%
Vincentian Creole
2%
Brunei Malay
0%
Grenadian Creole English
0%
Kiro
0%
Madarin Chinese
0%
Mina
0%
Modern Standard Arabic
0%
Oshiwambo
0%
Portuguse
0%
Pular
0%
Saint Lucian Creole French
0%
siSwatini
0%
Sranan Tongo
0%
Trinidad English
0%
No matching quizzes found
Score Distribution
Percent of People with Each Score
Percentile by Number Answered
Your Score History
You have not taken this quiz